| 000 | 00679nas a2200241 4500 | ||
|---|---|---|---|
| 001 | BR2012008483 | ||
| 003 | BR-BrBNA | ||
| 005 | 20231205121429.0 | ||
| 007 | ta | ||
| 008 | 230509b bl.|||p| |||| 00| 00por d | ||
| 040 |
_aBR-BrBNA _bpor _cBiblioteca Nacional de Agricultura |
||
| 041 | _a(Pt) | ||
| 072 | _aL20 | ||
| 100 | 1 | _aPalermo Neto, J. | |
| 100 | 1 | _aAlves, G.J. | |
| 245 | 1 | _aA comunicação dos animais | |
| 650 | _aANIMAL | ||
| 650 | _aCOMUNICAÇÃO | ||
| 650 | _aCOMPORTAMENTO ANIMAL | ||
| 773 | 0 |
_tRevista CFMV (Brazil) _xISSN 1517-6959 _g(Jan-Mar 2010), v. 16(49) p. 24-34 _wBR2012008483 |
|
| 909 |
_a202311 _bLúcia _c55 _dLúcia Elande |
||
| 942 |
_2AGRIS _n0 _cANA |
||
| 999 |
_c223534 _d223534 |
||